000 00256nam a2200133Ia 4500
100 _aSpencer
942 _cBK
366 _f20
245 _aWho moved my cheese
260 _b#N/A
082 _a808.83
_bSPE
546 _aMARATHI
_cComputers
999 _c31323
_d31323